000 00464nam a2200181Ia 4500
003 OSt
005 20230602105634.0
008 210423s1991 xx 000 0 und d
040 _cAL
041 _aeng
082 _a304.2
_223
_bSHIE
100 _aSHIVA (Vandana).
_9118600
245 _aEcology and the politics of survival.
260 _aNew Delhi
_bSage Publications
_c1991
365 _cINR
906 _aEcology ; politics ; survival.
942 _2ddc
_cBK
999 _c174728
_d174728